000
00340nam a2200145Ia 4500
008
230718s9999 xx 000 0 und d
041
_a
Eng.
082
_a
346.42
_b
SHA-I
100
_a
Shakeel,Ahme`d
245
0
_a
Interpretation of status
260
_a
Pakistan
_b
Al.shams law book
_c
2010
300
_a
519
650
_a
Law
999
_c
30260
_d
30260